000 00692nam a2200205Ia 4500
003 GCL
008 140319s9999 xx 000 0 ara d
040 _aGCL /
_cGCL
082 0 4 _a840
_bك ب
100 1 _aكورنى , بيير
245 1 0 _aبوليوكت :
_bماساة /
_cكورنى , بيير
700 1 _aيوسف محمد رضا
260 _aبيروت :
_bدار الكتاب اللبنانى ،
_c1970
300 _a182 ص ؛
_c18 سم
490 _aروائع الادب الفرنسى الكلاكسيكى
_v0
650 0 4 _aالادب الفرنسى
650 0 4 _aالمسرحية الفرنسية
650 0 4 _aالادب الفرنسى المترجم
942 _2ddc
_cBK
999 _c4696
_d4696